Handbook of industrial electronic circuits / (Record no. 13687)
[ view plain ]
| 000 -LEADER | |
|---|---|
| fixed length control field | 00868cam a22002651 4500 |
| 001 - CONTROL NUMBER | |
| control field | 13687 |
| 003 - CONTROL NUMBER IDENTIFIER | |
| rucl marc code | BD-RjUL |
| 005 - DATE AND TIME OF LATEST TRANSACTION | |
| control field | 20241215145352.0 |
| 008 - FIXED-LENGTH DATA ELEMENTS--GENERAL INFORMATION | |
| fixed length control field | 140201s1948 nyua 001 0 eng |
| 035 ## - SYSTEM CONTROL NUMBER | |
| System control number | (BD-RjUL)13739 |
| System control number | (OCoLC)564696 |
| 040 ## - CATALOGING SOURCE | |
| Original cataloging agency | DLC |
| Transcribing agency | ODaWU |
| Modifying agency | OCoLC |
| -- | DLC |
| -- | BD-RjUL |
| Language of cataloging | eng |
| 041 ## - LANGUAGE CODE | |
| Language code of text/sound track or separate title | eng |
| 082 ## - DEWEY DECIMAL CLASSIFICATION NUMBER | |
| Classification number | 621.38132 |
| Author mark and year | MAH 1948 |
| 100 1# - MAIN ENTRY--PERSONAL NAME | |
| Personal name | Markus, John. |
| Dates associated with a name | 1911- |
| 9 (RLIN) | 42831 |
| 245 00 - TITLE STATEMENT | |
| Title | Handbook of industrial electronic circuits / |
| Statement of responsibility, etc. | by John Markus and Vin Zeluff. |
| 260 ## - PUBLICATION, DISTRIBUTION, ETC. (IMPRINT) | |
| Place of publication, distribution, etc. | New York : |
| Name of publisher, distributor, etc. | McGraw-Hill Book Co., |
| Date of publication, distribution, etc. | c1948. |
| 300 ## - PHYSICAL DESCRIPTION | |
| Pagination | xv, 272 p. : |
| Illustrations | diagrs. ; |
| Size | 29 cm. |
| 500 ## - GENERAL NOTE | |
| General note | Most of the material is drawn from the magazine Electronics. |
| 504 ## - BIBLIOGRAPHY, ETC. NOTE | |
| Bibliography, etc | Includes Index. |
| 650 #0 - SUBJECT ADDED ENTRY--TOPICAL TERM | |
| Topical term or geographic name as entry element | Electronic circuits. |
| 9 (RLIN) | 38587 |
| Topical term or geographic name as entry element | Vacuum-tube circuits. |
| 9 (RLIN) | 27897 |
| 700 1# - ADDED ENTRY--PERSONAL NAME | |
| Personal name | Zeluff, Vin, |
| Dates associated with a name | 1910- |
| Relator term | joint author. |
| 942 ## - ADDED ENTRY ELEMENTS (KOHA) | |
| Source of classification or shelving scheme | Dewey Decimal Classification |
| Koha item type | Books |
| Lost status | Source of classification or shelving scheme | Damaged status | Not for loan | Collection code | Permanent Location | Current Location | Shelving location | Date acquired | Source of acquisition | Cost, normal purchase price | Full call number | Date last seen | Copy number | Koha item type | Total Checkouts |
|---|---|---|---|---|---|---|---|---|---|---|---|---|---|---|---|
| Dewey Decimal Classification | Not For Loan | Non-fiction | Central Library, University of Rajshahi | Central Library, University of Rajshahi | Reading Room | 12/10/1970 | sweets and Zitlinger | 180.00 | 621.38132 MAH 1948 | 01/02/2014 | C-1 | Books | |||
| Dewey Decimal Classification | Non-fiction | Central Library, University of Rajshahi | Central Library, University of Rajshahi | General Stacks | 12/10/1970 | Zeitlinger | 180.00 | 621.38132 MAH 1948 | 15/12/2024 | C-2 | Books |